| 000 | 00906nas a2200277 4500 | ||
|---|---|---|---|
| 001 | BR0201475 | ||
| 003 | BR-BrBNA | ||
| 005 | 20231205102815.0 | ||
| 007 | ta | ||
| 008 | 230509b bl.|||p| |||| 00| 00por d | ||
| 040 |
_aBR-BrBNA _bpor _cBiblioteca Nacional de Agricultura |
||
| 041 | _a(Pt) | ||
| 072 | _aF01 | ||
| 100 | 1 | _aLeal, T.C.A. de B. | |
| 100 | 1 | _aFreitas, S. de P. | |
| 100 | 1 | _aSilva, J.F. da | |
| 100 | 1 | _aCarvalho, A.J.C. de | |
| 245 | 1 | _aAvaliação do efeito da variação estacional e horário de colheita sobre o teor foliar de óleo essencial de capim-cidreira (Cymbopogon citratus (DC)Stapf) | |
| 650 | _aCapim Limão | ||
| 650 | _aColheita | ||
| 650 | _aÓleo Essencial | ||
| 650 | _aRendimento | ||
| 773 | 0 |
_tRevista Ceres (Brazil) _xISSN 0034-737X _g(Jul-Aug 2001), v. 48(278) p. 445-453 _wBR0201475 |
|
| 909 |
_a202311 _bLúcia _c55 _dLúcia Elande |
||
| 942 |
_2AGRIS _n0 _cANA |
||
| 999 |
_c169431 _d169431 |
||